| 000 | 00402nam a22001577a 4500 | ||
|---|---|---|---|
| 003 | macl | ||
| 005 | 20221213161136.0 | ||
| 008 | 221213b |||||||| |||| 00| 0 eng d | ||
| 040 | _cmacl | ||
| 082 | _a741.642 | ||
| 100 |
_aPrayank Sharma _981609 |
||
| 245 | _aEnglish Speaking Course Hindi To English | ||
| 260 |
_aNew Delhi _bAksharmala _c2022 |
||
| 650 |
_aEnglish Speaking _981610 |
||
| 942 |
_2ddc _cBK |
||
| 999 |
_c65752 _d65752 |
||